000 03789nab a2200301 i 4500
003 BR-BrBNA
005 20260319153446.0
008 260319b2018 bl.qr|pooa||| 00| 0 eng |
040 _aBR-BrBNA
_beng
072 _aF03
_b1690
100 _aFreitas, Rômulo Magno Oliveira de
100 _aNogueira, Narjara Walessa
100 _aTorres, Salvador Barros
100 _aLeite, Tiago de Sousa
245 _aAccelerated aging of arugula seeds
500 _a Publicação online; 23 ref.; 3 tables; Summaries (En, Pt)
520 _a ABSTRACT: This work aimed to study procedures for conducting the accelerated aging test and evaluating the physiological potential of arugula seeds. Five seed lots of cv. Cultivada and four of cv. Folha Larga were firstly subjected to the following tests for characterization of their physiological qualities: moisture content, germination test, first counting, seedling emergence in the field, emergence speed index, seedling shoot length, seedling shoot dry mass, electrical conductivity and potassium leaching. Subsequently, the same lots were subjected to accelerated aging (38 and 41 ºC; 24, 48 and 72 h; with and without the use of saturated NaCl solution). The experiment was conducted in a completely randomized design with four replications of 50 seeds each. The accelerated aging with saturated NaCl solution, using the combination of 41 ºC for 48 h, and traditional accelerated aging, using the combination of 38 ºC for 48 h, were effective for classifying seed lots of cv. Cultivada into different vigor levels. On the other hand, accelerated aging with saturated NaCl solution using the combination of 41 ºC for 24 or 48 h was suitable for classifying the vigor of cv. Folha Larga seeds. Key words: Eruca sativa L.; thermal stress; vigor
520 _a RESUMO: O presente trabalho objetivou estudar procedimentos para a condução do teste de envelhecimento acelerado e avaliação do potencial fisiológico de sementes de rúcula. Cinco lotes da cv. Cultivada e quatro da cv. Folha Larga foram inicialmente submetidos às seguintes avaliações para a caracterização das suas qualidades fisiológicas: grau de umidade, teste de germinação, primeira contagem, emergência de plântulas em campo, índice de velocidade de emergência, comprimento da parte aérea da plântula, massa seca da parte aérea da plântula, condutividade elétrica e lixiviação de potássio. Posteriormente, os mesmos lotes foram submetidos ao envelhecimento acelerado (38 e 41 ºC; 24, 48 e 72 h; com e sem o uso de solução saturada de NaCl). O experimento foi conduzido em delineamento inteiramente casualizado com quatro repetições de 50 sementes cada. O envelhecimento acelerado com solução saturada de NaCl, utilizando a combinação 41 ºC por 48 h, e o envelhecimento acelerado tradicional, com a combinação 38 ºC por 48 h, foram eficientes para separação de lotes da cv. Cultivada em diferentes níveis de vigor. Por outro lado, o envelhecimento acelerado com solução saturada de NaCl utilizando a combinação 41 ºC por 24 ou 48 h se mostrou adequado para classificação do vigor de sementes da cv. Folha Larga. Palavras-chave: Eruca sativa L.; estresse térmico; vigor
650 _aRÚCULA
650 _aHORTALIÇA FOLHOSA
650 _aTESTE DE SEMENTES
650 _aENVELHECIMENTO
650 _aQUALIDADE
773 0 _04656
_9360705
_dRecife-PE Universidade Federal Rural de Pernambuco 2006
_o2026-1087
_tRevista Brasileira de Ciências Agrárias (Brazil)
_x1981-1160
_gv. 13(4) p. 1-6; (2018)
_wBR2026000006
856 _uhttp://www.agraria.pro.br/ojs32/index.php/RBCA/article/view/v13i4a5585/283
942 _cANA
999 _c340472
_d340472